000 00410pab a2200145 454500
008 180718b1989 xxu||||| |||| 00| 0 eng d
100 _aShaikh, Ali Mohammed G.
245 _aCurrent HRD policy and practice regarding civil servants in Pakistan
260 _c1989
300 _a36-43
362 _aDec.
650 _aCivil Service - Pakistan
773 _aAsian Review of Public Administration
909 _a5811
999 _c5811
_d5811